LEADER 01054nam a2200253 u 4500 001 000000003075 003 CaOOAMICUS 005 20070226104511.0 008 940530s1904 fr e u000 u fre u 035 $a10079217 040 $aPUL(R)$bita 100 1 $aBoissier, Gaston,$d1823-1908.$0(OLS)http://pul/name/3271 245 10$aPromenades archéologiques :$bRome et Pompéi /$cpar Gaston Boissier ; ouvrage contenant huit plans. 250 $aHuitième éd. 260 $aParis :$bHachette et C.ie,$c1904. 300 $aix, 407 p. :$b8 plans (part fold) ;$c19 cm 500 $aComprende indice. 651 4$aRoma$xAntichità.$0(OLS)http://pul/subject/2716 651 4$aPompei.$0(OLS)http://pul/subject/2715 850 $aPUL 852 $aPUL$W1$xDP1 Fondo Ciprotti$y59$m1549 A 52$j4081$nBK-PRI$b $qFondi$B4081$CPULBib$Z2$F4081 $H $81 941 1 $a1 996 $6245$aPromenades archéologiques :$bRome et Pompéi$9(OLS)http://pul/title/4479 996 $6260$aParis :$bHachette et C.ie$9(OLS)http://pul/publisher/49692 LEADER 01593nam a2200337 u 4500 001 000000056255 003 CaOOAMICUS 005 20070226120444.0 008 010403s19741976gw d u000 u ger u 020 $a3170020072 (v.1) 020 $a3170023004 (v.2) 035 $a10871025 040 $aPUL(R)$bita 100 1 $aHoppe, Siegfried.$0(OLS)http://pul/name/39486 245 10$aEinführung in die Statistik für die Verhaltenswissenschaften:$bein Arbeitstext mit einer Einführung in die EDV /$cSiegfried Hoppe. 260 $aStuttgart :$bVerlag W. Kohlhammer,$c1974-1976. 300 $a338 p. :$bdiagrammi, ;$c21 cm 490 1 $aKohlhammer Skripten Psychologie ;$vI-II 500 $aContiene indice. 504 $aTeil I : Deskriptive Statistik. -- Teil II : Inferenzstatistik. 650 4$aStatistica.$0(OLS)http://pul/subject/9181 700 1 $aLiepmann, Detlev.$0(OLS)http://pul/name/39487 830 0$aKohlhammer Skripten Psychologie ;$vI-II.$0(OLS)http://pul/title/75239 850 $aPUL 852 $aPUL$W1$xSL Diritto e Scienze Sociali 1$y4$m243 M 1-2$j73816$n $b $qStampati$B73816$CPULBib$Z2$F73816 $H $81 941 1 $a8 961 $aINV: 63801-63802 996 $6020$a3170020072 (v.1)$9(OLS)http://pul/number/70876 996 $6020$a3170023004 (v.2)$9(OLS)http://pul/number/70877 996 $6245$aEinführung in die Statistik für die Verhaltenswissenschaften: :$bein Arbeitstext mit einer Einführung in die EDV$9(OLS)http://pul/title/75238 996 $6260$aStuttgart :$bVerlag W. Kohlhammer$9(OLS)http://pul/publisher/63730